Vespes de les Balears (Registre núm. 67602)
[ vista simple ]
| 000 -LEADER | |
|---|---|
| campo de control de longitud fija | 00801amm a2200277a 44500 |
| 008 - DATOS DE LONGITUD FIJA--INFORMACIÓN GENERAL | |
| campo de control de longitud fija | 200117s2018 cat |
| 041 ## - CÓDIGO DE IDIOMA | |
| Código de lengua del texto/banda sonora o título independiente | cat |
| 245 ## - MENCIÓN DEL TÍTULO | |
| Título | Vespes de les Balears |
| 245 ## - MENCIÓN DEL TÍTULO | |
| Medio | [en línia] |
| 260 ## - PUBLICACIÓN, DISTRIBUCIÓN, ETC. | |
| Lugar de publicación, distribución, etc. | [S.l.] |
| 260 ## - PUBLICACIÓN, DISTRIBUCIÓN, ETC. | |
| Nombre del editor, distribuidor, etc. | Direcció General d'Innovació i Recerca |
| 260 ## - PUBLICACIÓN, DISTRIBUCIÓN, ETC. | |
| Nombre del editor, distribuidor, etc. | Govern de les Illes Balears. Direcció General d'Agricultura i Ramaderia |
| 260 ## - PUBLICACIÓN, DISTRIBUCIÓN, ETC. | |
| Fecha de publicación, distribución, etc. | 2018 |
| 300 ## - DESCRIPCIÓN FÍSICA | |
| Extensión | 1 cartell |
| Otras características físicas | il. |
| 500 ## - NOTA GENERAL | |
| Nota general | Nom científic |
| 520 ## - RESUMEN, ETC. | |
| Nombre de termes | 79 |
| 592 ## - Tipus obra | |
| Tipus d'obra | Obra terminològica |
| 593 ## - Codi CGAT | |
| Codi de la CGAT | DGG |
| 650 ## - PUNTO DE ACCESO ADICIONAL DE MATERIA--TÉRMINO DE MATERIA | |
| Término de materia o nombre geográfico como elemento de entrada | insectes |
| 9 (RLIN) | 62668 |
| 856 ## - LOCALIZACIÓN Y ACCESO ELECTRÓNICOS | |
| Identificador Uniforme de Recursos | <a href="https://drive.google.com/file/d/1AZyNVrV82wespbNblwIDnuU1jNzpvLF8/view">https://drive.google.com/file/d/1AZyNVrV82wespbNblwIDnuU1jNzpvLF8/view</a> |
| 901 ## - ELEMENTOS DE DATOS A LOCAL LDA (RLIN) | |
| c | <2018> |
| 902 ## - ELEMENTOS DE DATOS B LOCAL, LDB (RLIN) | |
| a | 200117 |
| 942 ## - ELEMENTOS DE ENTRADA SECUNDARIOS (KOHA) | |
| Tipo de ítem Koha | Monografia |
| Suprimir en OPAC | No |
| Estatus retirado | Estado de pérdida | Estado de daño | No para préstamo | Biblioteca de origen | Biblioteca actual | Fecha de adquisición | Total de préstamos | Signatura topográfica completa | Código de barras | Visto por última vez | Precio de reemplazo | Tipo de ítem Koha |
|---|---|---|---|---|---|---|---|---|---|---|---|---|
| TERMCAT | TERMCAT | 17/01/2020 | Biblioteca electrònica | https://drive.google.com/file/d/1AZyNVrV82wespbNblwIDnuU1jNzpvLF8/view | 16679 | 30/09/2021 | 30/09/2021 | MO |